| 000 | 01332nam a2200325 a 4500 | ||
|---|---|---|---|
| 001 | ebr10007029 | ||
| 003 | CaPaEBR | ||
| 006 | m u | ||
| 007 | cr cn||||||||| | ||
| 008 | 020930s2001 enka s 001 0 eng | ||
| 015 | _aGBA1-X7773 | ||
| 016 | 7 |
_a1928994318 _2Uk |
|
| 020 | _z1928994318(pbk.) | ||
| 040 |
_aCaPaEBR _cCaPaEBR |
||
| 035 | _a(OCoLC)559786728 | ||
| 050 | 1 | 4 |
_aTK5105.59 _b.H33 2001eb |
| 082 | 0 | 4 |
_a005.8 _221 |
| 245 | 0 | 0 |
_aHack proofing your Web applications _h[electronic resource] : _bthe only way to stop a hacker is to think like one / _c[Jeff Forristal ... [et al.] ; Julie Traxler, technical editor]. |
| 260 |
_aRockland, Mass. : _bSyngress Media ; _aLondon : _bInternational Thomson, _cc2001. |
||
| 300 |
_axxvii, 586 p. : _bill. |
||
| 500 | _aIncludes index. | ||
| 500 | _aOne CD-ROM in pocket attached to inside back cover. | ||
| 533 |
_aElectronic reproduction. _bPalo Alto, Calif. : _cebrary, _d2013. _nAvailable via World Wide Web. _nAccess may be limited to ebrary affiliated libraries. |
||
| 650 | 0 |
_aWeb sites _xDesign. |
|
| 650 | 0 | _aComputer security. | |
| 655 | 7 |
_aElectronic books. _2local |
|
| 700 | 1 | _aForristal, Jeff. | |
| 710 | 2 | _aebrary, Inc. | |
| 856 | 4 | 0 |
_uhttp://site.ebrary.com/lib/rucke/Doc?id=10007029 _zAn electronic book accessible through the World Wide Web; click to view |
| 999 |
_c383 _d383 |
||